Desarrollo curricular: escuelas rurales

Saved in:
Bibliografiske detaljer
Hovedforfatter: Sepúlveda E., Gastón (Author)
Format: Bog
Sprog:spansk
Udgivet: Santiago Ministerio de Educación 1995
Fag:
Tags: Tilføj Tag
Ingen Tags, Vær først til at tagge denne postø!

MARC

LEADER 00000nam a2200000 a 4500
001 UCK1033
003 CL-VaPUC
008 041029e19950000CL |||||||||||||||||spa|d
082 0 4 |a 375  |b SEP  |2 21 
100 0 |a Sepúlveda E., Gastón  |e author  |9 488862 
245 1 0 |a Desarrollo curricular: escuelas rurales 
300 |a 94 p 
942 |c BK 
945 |d 20041029 00:00:00  |a cmena 
260 |a Santiago  |b Ministerio de Educación  |c 1995 
650 0 |a Planificación de la educación   |9 307333 
650 0 |a Planificación del currículo  |9 269599 
650 0 |a Zonas rurales  |9 317366 
650 0 |a Educación básica   |9 224933 
583 |a last modification  |c 20041029 00:00:00  |k Rodrigo Vera 
999 |c 311166  |d 311164 
952 |0 0  |1 0  |4 0  |6 375_000000000000000_SEP_1995  |7 0  |8 P  |9 380450  |a BIBEDU  |b BIBEDU  |c BIBEDU_PB  |d 2019-11-21  |i 4074491  |o 375 SEP 1995  |p 4074491  |r 2024-01-25  |w 2019-11-21  |y BK  |k EBA